SERVICE MANAGEMENT OPERATIONS STRATEGY INFORMATION TECHN (Record no. 20533)

MARC details
000 -LEADER
fixed length control field 00392nam a2200145Ia 4500
008 - FIXED-LENGTH DATA ELEMENTS--GENERAL INFORMATION
fixed length control field 240624s9999 xx 000 0 und d
041 ## - LANGUAGE CODE
Language code of text/sound track or separate title eng
082 ## - DEWEY DECIMAL CLASSIFICATION NUMBER
Classification number 658 FIT
100 ## - MAIN ENTRY--PERSONAL NAME
Personal name FITZSIMMONS JAMES
245 ## - TITLE STATEMENT
Title SERVICE MANAGEMENT OPERATIONS STRATEGY INFORMATION TECHN
250 ## - EDITION STATEMENT
Edition statement (5th ed.)
260 ## - PUBLICATION, DISTRIBUTION, ETC.
Date of publication, distribution, etc. 2011
Place of publication, distribution, etc. New Delhi
Name of publisher, distributor, etc. McGraw-Hill
300 ## - PHYSICAL DESCRIPTION
Extent xiv, : 605 : p. : cm. ; 24
365 ## - TRADE PRICE
Currency code RS
Holdings
Withdrawn status Lost status Damaged status Not for loan Home library Current library Shelving location Date acquired Source of acquisition Cost, normal purchase price Full call number Barcode Date last seen Copy number Price effective from Koha item type
        IMTN IMTN Rack 22-B 12/04/2012 IMTN 525.00 658 FIT 20533 06/24/2024 1 06/24/2024 Books
Designed & Maintained by: LRC IMT Nagpur Contact: lrc@imtnag.ac.in© 2024. All Rights Reserved.